000 00801cab a2200241 4500
001 WB2437-06
008 090401t1988 xxu||||| |||| 00| 0 eng d
035 _a(Sirsi) u25110
041 _aeng
245 _aMaterials pricing policy under scrutiny
260 _c1988
350 _a0
490 _aFinancial Times
_v14/9/88 p8
520 _aThe Office of Fair Trading is broadening its scope of inquiry into building material pricing policies following complaints by construction companies. Particular concern has been voiced over the sharp rise in the price of reinforced steel .
650 _aCONCRETE
650 _aINSULATION
650 _aPLANT
650 _aRESTRICTIVE PRACTICES
650 _aRESTRICTIVE TRADE
690 _aBUILT ENVIRONMENT
942 _n0
948 _c04/03/1997
999 _c16842
_d16842